00597nam a22001692 4500001001100000005001700011008004100028020002600069040001500095050001800110100003200128245008300160260005400243300001400297650005500311650006100366000000578520151217152006.0070717s xx 000 0 eng d a0805461949 :cKES 490 aKABUcKABU 0aBT732.7b.L831 aLucas, James R.@000015700510aWalking through the fire :bfinding the purpose of pain in the Christian life. aNashville, Tennessee :bBroadman & Holman,c1996. ax, 214 p. 0aPainxReligious aspectsxChristianity.@0000149391 0aPunishmentxReligious aspectsxChristianity.@0000157006